000 02795cam a2200349 i 4500
003 SA-RiAUC
005 20260316123212.0
008 260303s1913 sy g 000r0 ara c
040 _aSA-RiAUC
_bara
_cSA-RiAUC
_erda
082 0 4 _a239
090 _aم ن 239
_bج م ا
100 1 _aجمال الدين القاسمي، جمال الدين بن محمد سعيد بن قاسم،
_d1283-1332 هجري
_eمؤلف.
245 1 0 _aكتاب شرف الأسباط /
_cتأليف محمد جمال الدين القاسمي الدمشقي.
246 3 0 _aشرف الأسباط
250 _aالطبعة الأولى.
264 1 _aدمشق :
_b[الناشر غير محدد]،
_c[1913]
300 _a88 صفحة ؛
_c29 سم
336 _aنص
_btxt
_2rdacontent
_3كتاب
337 _aبدون وسيط
_bn
_2rdamedia
338 _aمجلد
_bnc
_2rdacarrier
501 _aمع : كتاب الفتوى في الإسلام / تأليف جمال الدين القاسمي.
650 7 _aالفقه الإسلامي
_2aucsh
650 7 _aالسيرة النبوية
_2aucsh
650 7 _aأهل بيت الرسول
_2aucsh
650 7 _aأصول الفقه الإسلامي
_2aucsh
740 2 2 _aالفتوى في الإسلام.
856 _uhttps://Dsdelta.aruc.org/xmlui/bitstream/handle/123456789/1611/8299.pdf
_yDigital Copy
856 _uhttp://dlib.nyu.edu/aco/book/aub_aco000092/1?lang=ar
_yDigital Copy
_2 نرجو الانتباه لإمكانية وجود اختلاف في الطبعة أو الناشر بين البيانات على البوابة وما ستجده على الكتاب نظرا لمحدودية المعلومات المتاحة على الموقع الناشر للمادة.
_3Please note that there may be a difference in the edition or publisher between the data on the portal and the book due to the limited information available on the publisher website for the material.
856 _uhttp://dl-img.home.nyu.edu/adore-djatoka/resolver?url_ver=Z39.88-2004&svc_id=info%3Alanl-repo/svc/getRegion&svc_val_fmt=info%3Aofi/fmt%3Akev%3Amtx%3Ajpeg2000&svc.format=image/jpeg&rft_id=http%3A//dlib.nyu.edu/files/books/aub_aco000092/aub_aco000092_n000001_d.jp2&svc.scale=230
_yCoverImage
_2 نرجو الانتباه لإمكانية وجود اختلاف في الطبعة أو الناشر بين البيانات على البوابة وما ستجده على الكتاب نظرا لمحدودية المعلومات المتاحة على الموقع الناشر للمادة.
_3Please note that there may be a difference in the edition or publisher between the data on the portal and the book due to the limited information available on the publisher website for the material.
942 _2ddc
_cRBOOK COPY
_n0
949 _aSA-JeALM
_d260303
_umohamedma123
_n1
999 _c14629
_d14629